Review of advances in plant biotechnology, 1985-88
Wedi'i Gadw mewn:
| Prif Awdur: | |
|---|---|
| Fformat: | Llyfr |
| Iaith: | Undetermined |
| Cyhoeddwyd: |
Manila
IRRI
1989
|
| Pynciau: | |
| Tagiau: |
Ychwanegu Tag
Dim Tagiau, Byddwch y cyntaf i dagio'r cofnod hwn!
|
| Thư viện lưu trữ: | Trung tâm Học liệu Trường Đại học Cần Thơ |
|---|
| LEADER | 00469nam a2200181Ia 4500 | ||
|---|---|---|---|
| 001 | CTU_29977 | ||
| 008 | 210402s9999 xx 000 0 und d | ||
| 082 | |a 581.15 | ||
| 082 | |b R449 | ||
| 100 | |a IRRI | ||
| 245 | 0 | |a Review of advances in plant biotechnology, 1985-88 | |
| 245 | 0 | |c IRRI | |
| 260 | |a Manila | ||
| 260 | |b IRRI | ||
| 260 | |c 1989 | ||
| 650 | |a plant biotechnology | ||
| 904 | |i Liên, 990121 | ||
| 980 | |a Trung tâm Học liệu Trường Đại học Cần Thơ | ||